countries where Lewis Hamilton has won Grand Prix - Statistics

General Stats
  • This quiz has been taken 562 times
    466 since last reset
  • The average score is 22 of 26
Answer Stats
wins Answer % Correct
8 Britain
97%
6 United States
96%
5 Germany
93%
7 Italy
93%
6 Spain
92%
3 Brazil
90%
2 France
90%
2 Australia
89%
7 Canada
88%
6 China
88%
5 Japan
87%
8 Hungary
86%
2 Mexico
86%
3 Monaco
84%
5 Russia
83%
2 Austria
82%
5 Bahrain
81%
4 Belgium
81%
5 United Arab Emirates
81%
4 Singapore
74%
1 Portugal
73%
1 Saudi Arabia
72%
1 Qatar
70%
1 Malaysia
68%
1 Azerbaijan
67%
2 turkey
67%
No matching quizzes found
Score Distribution
Percent of People with Each Score
Percentile by Number Answered
Your Score History
You have not taken this quiz since the last reset